Vnitřní ovzduší - Část 15: Postup odběru vzorku při stanovení oxidu dusičitého (NO2) ČSN EN ISO 16000-15 (83 5801) : Červen 2009

Gespeichert in:
Bibliographische Detailangaben
Format: Buch
Sprache:Tschechisch
Veröffentlicht: Praha ÚNMZ 2009
Tags: Tag hinzufügen
Keine Tags, Fügen Sie das erste Tag hinzu!

MARC

LEADER 00000nam a22000003a 4500
001 0080095
003 SK-STU
005 20200131113410.0
007 ta
008 200131s ----xo-----e------000-0-----d
040 |a STU  |b slo 
041 0 |a cze 
044 |a xr 
245 1 0 |a Vnitřní ovzduší - Část 15: Postup odběru vzorku při stanovení oxidu dusičitého (NO2)  |b ČSN EN ISO 16000-15 (83 5801) : Červen 2009 
260 |a Praha  |b ÚNMZ  |c 2009 
300 |a 18 s. 
500 |a Tato norma je českou verzí evropské normy EN ISO 16000-15:2008. Překlad byl zajištěn ÚNMZ. Má stejný status jako oficiální verze. Touto normou se nahradzuje ČSN EN ISO 16000-15 (83 5801) z února 2009 
996 |b 284M088322  |c M* N-1668-1  |l MMKN  |s A  |a 24  |w 0080095_0001